Problemas de química (Registro nro. 15410)

Detalles MARC
000 -Cabecera
Campo de control interno 00413nam a2200181Ia 4500
005 - Fecha y hora del registro
control field 20260306170154.0
008 - Elementos de Longitud Fija
fixed length control field 260306t1974||||xx |||||||||||||| ||und||
041 ## - Idioma
Codigo Idioma ESP
082 ## - DEWEY y NOTACIÓN INTERNA
Dewey 540
Notación Interna A69
100 ## - AUTOR
Autor denominación Arenson, Saul B.
Término de relación autor
245 #0 - TÍTULO DE MATERIAL BIBLIOGRÁFICO
Título Problemas de química
260 ## - CIUDAD, EDITORIAL, AÑO
Año 1974
300 ## - DESCRIPCIÓN
N° Páginas 202 páginas :
Dimensiones 19 cm.
650 ## - TEMAS
Temas Generalidades
654 ## - PROGRAMAS
Programa Dpto. de Ciencias Naturales
942 ## - ELEMENTOS DE KOHA
Tipo de documento Libro
Nombre del creador Justo Noguera
Código de catalogador Justo Noguera
Esquema de clasificación Dewey Decimal Classification
Suppress in OPAC
Existencias
Codigo completo Registro Colección Copia número Disponibilidad Tipo de préstamo Biblioteca Actual Procedencia (Biblioteca) Ubicacón Fecha Ingreso Tipo de Adquisición Date last seen Total checkouts Price effective from Tipo de Item Estado del Material Fuente de Clasificación Damaged status Withdrawn status
540 A69 1007342 Universidad Católica San Pablo 1 No disponible Restringido Víctor Andrés Belaunde Víctor Andrés Belaunde Planta baja cerrada 03/06/2026 Donación 06/03/2026   06/03/2026 Libro Bueno Dewey Decimal Classification